01972cam a22003855a 4500003000900000005001700009008004100026020001600067020001800083040004600101082001900147100003700166245006700203264004600270300005300316336002600369337002800395338002700423490002300450504005100473520042300524650003000947650003000977650003401007651003001041653002801071655002401099700003501123856007801158856010601236856009101342942001201433999001501445952012601460EG-ScBUE20220407133522.0180829s2006 enka f b 001 0 eng d a0199297347  a9780199297344 aEG-ScBUE bengerdacEG-ScBUE dEG-ScBUE 04a409.4bHEI2221 aHeine, Bernd, d1939-eauthor.14aThe changing languages of Europe /cBernd Heine, Tania Kuteva. 1aOxford :bOxford University Press,c2006. axvii, 356 pages :billustrations, maps ;c24 cm. 2rdacontentatextbtxt 2rdamediaaunmediatedbn 2rdacarrieravolumebnc0 aOxford linguistics aIncludes bibliographical references and index. a"Professor Heine and Professor Kuteva look for the causes of linguistic change in cultural and economic exchanges across national and regional boundaries and in the processes that occur when speakers learn or are in close contact with another language. Testing their data and conclusions against findings from elsewhere in the world, the authors reconstruct and reveal when, how, and why common grammatical structures" 7aAreal linguistics.2BUEsh 7aLinguistic change.2BUEsh 7aTypology (Linguistics)2BUEsh 7aEuropexLanguages.2BUEsh bHHUUEENNcSeptember2018 vReading book9342321 aKuteva, Tania,d1958-eauthor.413Table of contentsuhttp://www.loc.gov/catdir/toc/ecip0614/2006016458.html413Contributor biographical informationuhttp://www.loc.gov/catdir/enhancements/fy0726/2006016458-b.html413Publisher descriptionuhttp://www.loc.gov/catdir/enhancements/fy0726/2006016458-d.html 2ddccBB c6661d6661 00102ddc40708AlahramaMAINbMAINc2NDd2007-11-28ePurchaseg209.90l0o409.4 HEIp000008337r2025-07-15 00:00:00yBB